| 000 | 00000nam 2200000zi 4500 |
| 001 | 9.930522 |
| 003 | CaOODSP |
| 005 | 20241203113656 |
| 006 | m o d f |
| 007 | cr |n||||||||| |
| 008 | 231117s2000 onca o f000 0 eng d |
| 040 | |aCaOODSP|beng|erda|cCaOODSP |
| 043 | |an-cn-qu |
| 086 | 1 |aEn4-611/2-2000E-PDF |
| 245 | 00|aCycles Devinci : |breduction in the use of solvents through the electrostatic application of paint. |
| 264 | 1|a[Ottawa] : |bGovernment of Canada, |c[2000?] |
| 300 | |a1 online resource (2 unnumbered pages) : |billustration |
| 336 | |atext|btxt|2rdacontent |
| 337 | |acomputer|bc|2rdamedia |
| 338 | |aonline resource|bcr|2rdacarrier |
| 500 | |aDigitized edition from print [produced by Environment and Climate Change Canada]. |
| 500 | |aIssued also in French under title: Cycles Devinci : diminution de l'utilisation de solvants par application électrostatique de la peinture. |
| 610 | 20|aCycles Devinci. |
| 650 | 0|aPainting, Industrial|xEnvironmental aspects|zQuébec (Province)|zSaguenay-Lac-Saint-Jean. |
| 650 | 0|aVolatile organic compounds|xEnvironmental aspects|zQuébec (Province)|zSaguenay-Lac-Saint-Jean. |
| 710 | 1 |aCanada. |bEnvironment Canada, |eissuing body. |
| 775 | 08|tCycles Devinci : |w(CaOODSP)9.939793 |
| 856 | 40|qPDF|s406 KB|uhttps://publications.gc.ca/collections/collection_2024/eccc/en4/En4-611-2-2000-eng.pdf |